00627cam a22001937i 45000010009000000050017000090080041000260200018000670200018000850400013001030820026001161000023001422450070001652600037002353000093002726500032003656500014003976500022004112097749320200513145308.0181204t20192019enkabf e b 001 0beng  a9781847922144 a9781847926012 cPK-LaUMT04a956.014092223bPHI-L1 aPhillips, Jonathan14aThe life and legend of the Sultan Saladin /cby Jonathan Phillips aLondon :bThe Bodley Head,c2019 axvii, 478 p., 16 unnumbered pages of plates :billustrations (some color), maps ;c24 cm 0aCrusadesyThird, 1189-1192. 7aCrusades. 7aKings and rulers.